000 01784nam0a2200361 i 4500
001 RU\NLR\bibl\2077238
005 20260503055819.0
010 _a9785997102500
_91000
021 _aRU
_b2013-67555
_94625
035 _a(NLR Aleph) 002062879
090 _a4690104
_c4690104
100 _a20131001d2013 u y0rusy50 ca
101 0 _arus
_ager
_eger
_erus
102 _aRU
105 _aa |||||||||
200 1 _aИммануил Кант
_dImmanuel Kant
_e[биография]
_fИ.С. Кузнецова
_gБалт. федер. ун-т им. Иммануила Канта, Калинингр. рег. обществ. Кантов. фонд
_zger
205 _a2-е изд., испр. и доп.
210 _aКалининград
_cИзд-во Балтийского федерального университета
_d2013
215 _a222 с., [6] л. цв. ил.
_d17
300 _aАвт. также на нем. яз.: I. Kuznezova
300 _aТекст парал. на нем. и рус. яз.
510 1 _6z77790
_aImmanuel Kant
_zger
600 1 _aКант
_bИ.
_f1724 - 1804
_gИммануил
_91013611
_3RU\NLR\AUTH\6668608
686 1 _aЮ3(4Г)5-563.1
700 1 _4070
_7ca
_8rus
_aКузнецова
_bИ. С.
_cд-р филос. наук
_f1948-
_gИрина Сергеевна
_9101091
_3RU\NLR\auth\77118166
702 1 _4570
_7ca
_8rus
_aКант
_bИ.
_f1724-1804
_gИммануил
_9112332
_3RU\NLR\auth\772317
790 1 _4070
_7ba
_8rus
_aKuznecova
_bI. S.
_cд-р филос. наук
_f1948-
_gIrina Sergeevna
_9132114
_3RU\NLR\AUTH\770132148
801 0 _aRU
_bNLR
_c20131001
_gRCR
801 1 _aRU
_bNLR
_c20131001
942 _cBOOK
980 _aNBR